Naučnoje issledovanije i naučnaja informacija /

Gespeichert in:
Bibliographische Detailangaben
1. Verfasser: Bonic, Manfred (Verfasst von)
Format: Buch
Sprache:Russisch
Veröffentlicht: Moskva : Nauka, 1987
Ausgabe:1.vyd.
Tags: Tag hinzufügen
Keine Tags, Fügen Sie das erste Tag hinzu!

MARC

LEADER 00000nam a22000003a 4500
001 stu5759
005 20150617225808.3
008 940503s1987----xxr-----------------rus-d
040 |a STU  |b slo 
041 0 |a rus 
044 |a xxr 
080 |a 001.89 
080 |a 002 
100 1 |a Bonic, Manfred  |4 aut 
245 1 |a Naučnoje issledovanije i naučnaja informacija /  |c [aut.] Bonic,M 
250 |a 1.vyd. 
260 |a Moskva :  |b Nauka,  |c 1987 
300 |a 155 s 
996 |b E65746  |c E*65746  |l EE10  |s P  |a 0  |w stu5759_0001